| 000 | 01324cam a22003375i 4500 | ||
|---|---|---|---|
| 999 |
_c26079 _d26051 |
||
| 001 | 1983036 | ||
| 003 | EG-ScBUE | ||
| 005 | 20200209105838.0 | ||
| 008 | 890511r19951975ilua f f 000 0 eng d | ||
| 020 | _a0844253723 | ||
| 020 | _a9780844253725 | ||
| 040 |
_aDLC _beng _erda _cDLC _dDLC _dEG-ScBUE |
||
| 082 | 0 | 4 |
_a808.042 _bKAR _222 |
| 100 | 1 |
_aKarls, John B., _eauthor. |
|
| 245 | 1 | 4 |
_aThe writer's handbook / _creviewer / consultants, John B. Karls, Ronald Szymanski. |
| 250 | _aSecond edition. | ||
| 264 | 1 |
_aLincolnwood, Ill. : _bNational Textbook Company / NTC Publishing Group, _c1995. |
|
| 300 |
_a255 pages : _billustrations (some color) ; _c23 cm |
||
| 336 |
_atext _btxt _2rdacontent |
||
| 337 |
_aunmediated _bn _2rdamedia |
||
| 338 |
_avolume _bnc _2rdacarrier |
||
| 500 | _aFirst published by 1975. | ||
| 520 | _aDesigned to help writers develop their skills and understanding. Divided into three major sections to make finding solutions to writing problems easy. | ||
| 650 | 7 |
_aEnglish language _xRhetoric _xHandbooks, manuals, etc. _2BUEsh |
|
| 650 | 7 |
_aEnglish language _xUsage _xHandbooks, manuals, etc. _2BUEsh |
|
| 650 | 7 |
_aReport writing _xHandbooks, manuals, etc. _2BUEsh |
|
| 651 | _2BUEsh | ||
| 653 |
_bGGEN _bHHUUEENN _cFebruary2018 |
||
| 700 | 1 |
_aSzymanski, Ronald, _eauthor. |
|
| 942 |
_2ddc _cBB |
||